| 000 | 00668nam a2200205Ia 4500 | ||
|---|---|---|---|
| 003 | OSt | ||
| 005 | 20250926152813.0 | ||
| 008 | 210210b2001 xxu||||| |||| 00| 0 eng d | ||
| 040 | _cAL | ||
| 041 | _aKannada | ||
| 082 | _aK894.9 VARP | ||
| 100 |
_aVARADA (P N). _dವರದಾ (ಪಿ ಎನ್) _9234542 |
||
| 245 |
_aPanje mangesharayara kratigalu: ondu adhyayana. _bಪಂಜೆಮಂಗೇಶರಾಯರ ಕೃತಿಗಳು: ಒಂದು ಅಧ್ಯಯನ |
||
| 260 |
_aBengaluru _bJnanodaya prakashana _c2001 |
||
| 300 | _a476,xiv | ||
| 650 |
_aPanje mangesharaya _9234543 |
||
| 690 |
_aKannada Criticism _9234544 |
||
| 906 | _a058322 | ||
| 942 |
_2ddc _cBK |
||
| 999 |
_c105836 _d105836 |
||